000 00312nam a2200133Ia 4500
008 240624s9999 xx 000 0 und d
041 _aeng
082 _a823 SET
100 _aSETH VIKRAM
245 _aTWO LIVES
260 _c2008
_aNew Delhi
_bPenguin India
300 _a504 : p. : cm. ; 24
365 _cRS
_b20
999 _c11759
_d11759